000 00302nam a2200133 i 4500
001 bg
100 1 _aPECHE, Tadeusz
245 0 _aWstęp do informatyki /
_cTadeusz Peche.
260 _aWarszawa,
_c1976.
040 _cBPK
041 _apol
942 _cKS
008 s pl f |000 0 pol
999 _c27716
_d27716
856 _uhttp://koha.tu.koszalin.pl/cgi-bin/koha/opac-detail.pl?biblionumber=27716
_yKatalog online BPK